000 00494nam a2200181Ia 4500
005 20240404103527.0
008 131103s9999 xx 000 0 und d
040 _aLoreto College
041 _aEnglish
082 _a420.7
_bTEA
245 4 _aThe teaching of english
260 _aLondon
_bCambridge University Press
_c1959
300 _axv,196p
504 _aIncludes bibilographical references & index
650 _aEnglish language - Study & teaching
850 _aLCBED
942 _cBK
999 _c28378
_d78857